000 00522nam a22002057a 4500
003 OSt
005 20230928115101.0
008 230928b |||||||| |||| 00| 0 eng d
020 _a0750660899
040 _cDNLM
082 _aQY26 G875l 2005
100 _aGriffin, Brian
_916660
245 _aLaboratory Design Guide
250 _a3rd ed.
260 _aLondon; Routledge, 2005
300 _axxiv,346p; ill: 23cm
500 _aAppendices,& index included
650 _aLaboratory design
_916661
942 _2z
_cO_SHELF
999 _c8161
_d8161